000 00292nam a2200097Ia 4500
001 1225256
005 20250827092942.0
008 250824s9999 xx 000 0 und d
245 0 _aHER ŞEYİ BİLMEK BENİM SUÇUM DEĞİL
_cJAMIE KELLY
260 _bALTIN KİTAPLAR YAYINLARI
999 _c1225256
_d1225256